|
|
|
|
| LEADER |
00000cam a2200000 7i4500 |
| 001 |
0000000303 |
| 005 |
20151222.0 |
| 008 |
070629 |
| 020 |
|
|
|a 9830413314
|
| 090 |
0 |
0 |
|a SC
|b ENG
|
| 100 |
1 |
|
|a Sebastian, Cristo
|
| 245 |
1 |
0 |
|a Science and technology
|c Cristo Sebastian
|
| 260 |
|
|
|a Kuala Lumpur :
|b Penerbitan Hasrat Pelajar ,
|c 2005
|
| 440 |
|
|
|a Series everyday science
|
| 500 |
|
|
|a Children ages 10-12 years old (pink)
|
| 650 |
|
0 |
|a Junior fiction
|x English
|x Languages
|
| 650 |
|
0 |
|a Science
|
| 999 |
|
|
|a 0000899074
|b Book
|c Children Collection
|e Cawangan Pontian
|
| 999 |
|
|
|a 0000899075
|b Book
|c Children Collection
|e Cawangan Pontian
|
| 999 |
|
|
|a 0000954610
|b Book
|c Children Collection
|e Cawangan Sri Merlong
|
| 999 |
|
|
|a 0000954611
|b Book
|c Children Collection
|e Cawangan Taman Sri Lambak
|
| 999 |
|
|
|a 0000954612
|b Book
|c Children Collection
|e Perbadanan Perpustakaan Awam Johor
|
| 999 |
|
|
|a 0000954613
|b Book
|c Children Collection
|e Perbadanan Perpustakaan Awam Johor
|
| 999 |
|
|
|a 0001074733
|b Book
|c Children Collection
|e Cawangan Batu Pahat
|
| 999 |
|
|
|a 0001074749
|b Book
|c Children Collection
|e Cawangan Segamat
|
| 999 |
|
|
|a 0001147407
|b Book
|c Children Collection
|e Cawangan Pontian
|
| 999 |
|
|
|a 0001147409
|b Book
|c Children Collection
|e Cawangan Batu Pahat
|
| 999 |
|
|
|a 0001149619
|b Book
|c Children Collection
|e Cawangan Segamat
|
| 999 |
|
|
|a 000899072
|b Book
|c Children Collection
|e Cawangan Batu Pahat
|
| 999 |
|
|
|a 000899073
|b Book
|c Children Collection
|e Cawangan Batu Pahat
|